[Event "Mexican op 67th"]
[Site "Chihuahua City"]
[Date "2022.04.14"]
[Round "5"]
[White "Montes Orozco, Miguel Angel"]
[Black "Capo Vidal, Uriel"]
[Result "1-0"]
[WhiteElo "2044"]
[BlackElo "2284"]
[PlyCount "69"]
[EventDate "2022.04.12"]
[EventType "swiss"]
[EventRounds "9"]
[EventCountry "MEX"]
[SourceTitle "CBM 207 Extra"]
[Source "ChessBase"]
[SourceDate "2022.05.31"]
[SourceVersion "1"]
[SourceVersionDate "2022.05.31"]
[SourceQuality "1"]

1. d4 d5 2. c4 e6 3. Nc3 c6 4. e4 dxe4 5. Nxe4 Bb4+ 6. Bd2 Qxd4 7. Bxb4 Qxe4+ 8. Be2 Na6 9. Ba3 Qxg2 10. Qd6 c5 11. Bf3 Qg5 12. Bc6+ bxc6 13. Qxc6+ Ke7 14. Qxa8 Qe5+ 15. Ne2 Qc7 16. Qg2 Bb7 17. Qxg7 Bxh1 18. Qxh8 Nf6 19. Rd1 Bf3 20. Rd2 Bg4 21. Qa8 Nd7 22. f3 Bf5 23. Nd4 Bg6 24. Nc6+ Kf6 25. b3 Kg7 26. Bb2+ Kh6 27. Qd8 Qf4 28. Qxd7 Qe3+ 29. Re2 Qg1+ 30. Kd2 Qb1 31. Bf6 Bc2 32. Qxf7 Qd1+ 33. Kc3 Bg6 34. Qg7+ Kh5 35. Re5+ 1-0

[Event "Mexican op 67th"]
[Site "Chihuahua City"]
[Date "2022.04.13"]
[Round "2"]
[White "Capo Vidal, Uriel"]
[Black "Arizpe, Frank"]
[Result "1-0"]
[WhiteElo "2284"]
[BlackElo "1339"]
[PlyCount "55"]
[EventDate "2022.04.12"]
[EventType "swiss"]
[EventRounds "9"]
[EventCountry "MEX"]
[SourceTitle "CBM 207 Extra"]
[Source "ChessBase"]
[SourceDate "2022.05.31"]
[SourceVersion "1"]
[SourceVersionDate "2022.05.31"]
[SourceQuality "1"]

1. d4 Nf6 2. c4 g6 3. Nc3 Bg7 4. e4 d6 5. f4 0-0 6. Nf3 c5 7. dxc5 dxc5 8. Qxd8 Rxd8 9. e5 Ng4 10. h3 Nh6 11. Be3 b6 12. Nd5 Nc6 13. g4 Bb7 14. Bg2 Rd7 15. 0-0-0 Rad8 16. b3 f5 17. g5 Nf7 18. e6 Rd6 19. exf7+ Kxf7 20. Rhe1 e6 21. Nf6 Bxf6 22. gxf6 Kxf6 23. Ne5 Na5 24. Rxd6 Rxd6 25. Bxb7 Nxb7 26. Bf2 h6 27. h4 Na5 28. Rg1 1-0

[Event "Iberoamerican-ch 8th"]
[Site "Mexico City"]
[Date "2022.02.13"]
[Round "3"]
[White "Capo Vidal, Uriel"]
[Black "Huguet Mainar, Sergio"]
[Result "1-0"]
[WhiteElo "2306"]
[BlackElo "1977"]
[PlyCount "91"]
[EventDate "2022.02.12"]
[EventType "swiss"]
[EventRounds "9"]
[EventCountry "MEX"]
[SourceTitle "CBM 206 Extra"]
[Source "ChessBase"]
[SourceDate "2022.03.31"]
[SourceVersion "1"]
[SourceVersionDate "2022.03.31"]
[SourceQuality "1"]

1. d4 Nf6 2. Nf3 g6 3. c4 Bg7 4. Nc3 0-0 5. e4 d6 6. Be3 e5 7. dxe5 dxe5 8. Qxd8 Rxd8 9. Nd5 Nxd5 10. cxd5 c6 11. Bc4 cxd5 12. Bxd5 h6 13. 0-0-0 Nc6 14. Bxc6 Rxd1+ 15. Rxd1 bxc6 16. Rd8+ Kh7 17. Nd2 Bf6 18. Re8 Bb7 19. Rxa8 Bxa8 20. Bxa7 Bg5 21. Be3 Bxe3 22. fxe3 c5 23. Kc2 g5 24. Kd3 Kg6 25. Nc4 Kf6 26. Nb6 Bc6 27. Nd5+ Ke6 28. Kc4 Kd6 29. Nc3 f5 30. exf5 Bxg2 31. Kd3 Bf1+ 32. Kd2 c4 33. e4 h5 34. Ke1 Bh3 35. Kf2 h4 36. Kf3 Kc5 37. Nd1 g4+ 38. Kf2 Kd4 39. Nc3 Kc5 40. f6 Kd6 41. Nd5 Ke6 42. a4 Kf7 43. a5 g3+ 44. hxg3 hxg3+ 45. Kxg3 Bc8 46. Kf2 1-0

[Event "Mexico City Latinoamericano-C 1st"]
[Site "Mexico City"]
[Date "2021.11.04"]
[Round "2"]
[White "Capo Vidal, Uriel"]
[Black "Corrales Jimenez, Zenia"]
[Result "1-0"]
[WhiteElo "2306"]
[BlackElo "2198"]
[PlyCount "151"]
[EventDate "2021.11.04"]
[EventType "tourn"]
[EventRounds "9"]
[EventCountry "MEX"]
[EventCategory "1"]
[SourceTitle "CBM 205 Extra"]
[Source "ChessBase"]
[SourceDate "2022.01.31"]
[SourceVersion "1"]
[SourceVersionDate "2022.01.31"]
[SourceQuality "1"]

1. d4 Nf6 2. Nf3 g6 3. Bf4 Bg7 4. Nc3 d5 5. e3 0-0 6. Nb5 Na6 7. h3 c6 8. Nc3 Nc7 9. Bd3 c5 10. 0-0 c4 11. Be2 b5 12. Ne5 Bb7 13. a3 Nfe8 14. Bh2 Nd6 15. f4 f6 16. Nf3 Ne4 17. Nd2 Nxd2 18. Qxd2 f5 19. g4 e6 20. Bg3 a5 21. Bf3 Bc6 22. Ne2 Qd6 23. h4 h6 24. h5 gxh5 25. gxf5 exf5 26. Bxh5 Be8 27. Bf3 Bf7 28. Rf2 Kh7 29. Rh2 Ne8 30. Bh4 Bf6 31. Kf2 Bxh4+ 32. Rxh4 Nf6 33. Rah1 Ng8 34. Ng1 Kg7 35. Bh5 Bxh5 36. Rxh5 Nf6 37. Kf1 Nxh5 38. Rxh5 Qg6 39. Rh2 Kf6 40. Rg2 Qf7 41. Nf3 Rg8 42. Rh2 Qg7 43. Qf2 c3 44. bxc3 Rac8 45. Qh4+ Ke6 46. Qxh6+ Qxh6 47. Rxh6+ Ke7 48. Rh7+ Kf6 49. Ra7 Rxc3 50. Ra6+ Ke7 51. Rxa5 Rxe3 52. Kf2 Rc3 53. Ne1 Rg4 54. Ke2 Rxf4 55. Kd2 Rh3 56. Rxb5 Rf2+ 57. Kd1 Rxa3 58. Rb1 Ra4 59. Kc1 Rxd4 60. Rb7+ Kf6 61. Nd3 f4 62. Nxf2 Ke5 63. Re7+ Kf6 64. Re8 Kf7 65. Rd8 Ke7 66. Rc8 Kf6 67. Ra8 Kg5 68. c3 Rc4 69. Kd2 d4 70. Ne4+ Kg4 71. Kd3 Rc7 72. cxd4 Rf7 73. Rg8+ Kh4 74. Ke2 Rd7 75. Kd3 Kh3 76. Rf8 1-0

[Event "Mexican op 66th"]
[Site "Villahermosa"]
[Date "2021.08.06"]
[Round "5"]
[White "Mareco, Sandro"]
[Black "Capo Vidal, Uriel"]
[Result "1-0"]
[WhiteElo "2629"]
[BlackElo "2280"]
[PlyCount "111"]
[EventDate "2021.08.04"]
[EventType "swiss"]
[EventRounds "8"]
[EventCountry "MEX"]
[SourceTitle "CBM 203 Extra"]
[Source "ChessBase"]
[SourceDate "2021.09.30"]
[SourceVersion "1"]
[SourceVersionDate "2021.09.30"]
[SourceQuality "1"]

1. e4 c5 2. Nf3 Nc6 3. Bb5 g6 4. Bxc6 dxc6 5. d3 Bg7 6. h3 Nf6 7. Nc3 Nd7 8. Be3 e5 9. Qd2 h6 10. 0-0 b6 11. Nh2 Nf8 12. f4 exf4 13. Bxf4 Ne6 14. Be3 Nd4 15. Nd1 Qd6 16. Bf4 Qe7 17. c3 Ne6 18. Be3 Ba6 19. Nf2 Rd8 20. Qc2 0-0 21. Rfe1 f5 22. exf5 Rxf5 23. Qb3 Qf7 24. Rad1 Nc7 25. Qxf7+ Rxf7 26. Nhg4 Kh7 27. d4 cxd4 28. Bxd4 Bb7 29. Ne4 Bxd4+ 30. Rxd4 Rxd4 31. cxd4 Nd5 32. Nd6 Rd7 33. Re6 Ba6 34. Ne8 Re7 35. Ngf6+ Kh8 36. Rxc6 Re1+ 37. Kh2 Bb7 38. Rd6 Ne7 39. Rd8 Nc6 40. Rd7 Re7 41. Rxe7 Nxe7 42. Kg1 Bc6 43. Kf2 Bxe8 44. Nxe8 Kg8 45. Ke3 Kf7 46. Nc7 Nf5+ 47. Ke4 Ke7 48. Nb5 a5 49. g4 Ng3+ 50. Kd3 Nh1 51. Ke3 Ng3 52. Nc3 h5 53. Ne4 Nxe4 54. Kxe4 Ke6 55. a4 Kd6 56. d5 1-0

[Event "Mexican op 66th"]
[Site "Villahermosa"]
[Date "2021.08.05"]
[Round "2"]
[White "Capo Vidal, Uriel"]
[Black "Avila Rodriguez, Joshua Ad"]
[Result "1/2-1/2"]
[WhiteElo "2280"]
[BlackElo "2058"]
[PlyCount "90"]
[EventDate "2021.08.04"]
[EventType "swiss"]
[EventRounds "8"]
[EventCountry "MEX"]
[SourceTitle "CBM 203 Extra"]
[Source "ChessBase"]
[SourceDate "2021.09.30"]
[SourceVersion "1"]
[SourceVersionDate "2021.09.30"]
[SourceQuality "1"]

1. d4 Nf6 2. c4 e6 3. Nc3 Bb4 4. Qc2 0-0 5. Nf3 d5 6. Bg5 h6 7. Bxf6 Qxf6 8. a3 Bxc3+ 9. Qxc3 c6 10. g3 dxc4 11. Ne5 c5 12. dxc5 Nd7 13. Nxd7 Qxc3+ 14. bxc3 Bxd7 15. Bg2 Rab8 16. Rb1 Rfc8 17. Rxb7 Rxb7 18. Bxb7 Rxc5 19. Kd2 Ba4 20. Be4 Ra5 21. Ra1 Re5 22. Bb7 Rb5 23. Ba6 Rb2+ 24. Ke3 Bb3 25. Bb7 f5 26. Bf3 e5 27. g4 g6 28. gxf5 gxf5 29. Bd5+ Kf8 30. Be6 f4+ 31. Kf3 Ke7 32. Bg8 Rc2 33. Bh7 Rxc3+ 34. e3 Ba4 35. Be4 Be8 36. Ke2 fxe3 37. fxe3 Rb3 38. Kd2 Bf7 39. Bc2 Rb8 40. Kc3 h5 41. Rg1 Rg8 42. Rxg8 Bxg8 43. Bd1 h4 44. Be2 Kf6 45. Bxc4 Bh7 1/2-1/2

[Event "Mexico City Fenamac GM 1st"]
[Site "Mexico City"]
[Date "2021.05.09"]
[Round "7"]
[White "Capo Vidal, Uriel"]
[Black "Benitez Lozano, Javier"]
[Result "1/2-1/2"]
[WhiteElo "2334"]
[BlackElo "2367"]
[PlyCount "43"]
[EventDate "2021.05.05"]
[EventType "tourn"]
[EventRounds "9"]
[EventCountry "MEX"]
[EventCategory "8"]
[SourceTitle "CBM 202 Extra"]
[Source "ChessBase"]
[SourceDate "2021.07.31"]
[SourceVersion "1"]
[SourceVersionDate "2021.07.31"]
[SourceQuality "1"]

1. d4 Nf6 2. c4 e6 3. Nc3 Bb4 4. Qc2 b6 5. Nf3 Bb7 6. a3 Bxc3+ 7. Qxc3 d6 8. g3 Nbd7 9. Bg2 0-0 10. 0-0 a5 11. b3 Qe7 12. Bb2 Rfc8 13. Rfd1 c5 14. d5 exd5 15. cxd5 b5 16. Nh4 b4 17. Qd2 Qd8 18. Nf5 Ne8 19. Bh3 Rc7 20. Qf4 Nf8 21. Bxg7 Ng6 22. Qh6 1/2-1/2

[Event "Mexico City Fenamac GM 1st"]
[Site "Mexico City"]
[Date "2021.05.07"]
[Round "3"]
[White "Garcia Guerrero, Isaac Antonio"]
[Black "Capo Vidal, Uriel"]
[Result "1/2-1/2"]
[WhiteElo "2322"]
[BlackElo "2334"]
[PlyCount "30"]
[EventDate "2021.05.05"]
[EventType "tourn"]
[EventRounds "9"]
[EventCountry "MEX"]
[EventCategory "8"]
[SourceTitle "CBM 202 Extra"]
[Source "ChessBase"]
[SourceDate "2021.07.31"]
[SourceVersion "1"]
[SourceVersionDate "2021.07.31"]
[SourceQuality "1"]

1. c4 e6 2. g3 d5 3. Bg2 Nf6 4. Nf3 Be7 5. 0-0 0-0 6. b3 c5 7. cxd5 Nxd5 8. Bb2 Nc6 9. d4 b6 10. a3 cxd4 11. Nxd4 Bb7 12. Nxc6 Bxc6 13. e4 Nf6 14. Qe2 Qc7 15. Nc3 Qd8 1/2-1/2

[Event "Online Olym Div2 E"]
[Site "Chess.com INT"]
[Date "2020.08.16"]
[Round "9.1"]
[White "Tate, Alan"]
[Black "Capo Vidal, Uriel"]
[Result "0-1"]
[WhiteElo "2342"]
[BlackElo "2334"]
[PlyCount "85"]
[EventDate "2020.08.14"]
[EventType "team-tourn (rapid)"]
[EventRounds "9"]
[EventCountry "USA"]
[SourceTitle "CBM 198"]
[Source "ChessBase"]
[SourceDate "2020.10.31"]
[SourceVersion "1"]
[SourceVersionDate "2020.10.31"]
[SourceQuality "1"]
[WhiteTeam "Scotland"]
[BlackTeam "Mexico"]
[WhiteTeamCountry "SCO"]
[BlackTeamCountry "MEX"]

1. e4 c5 2. Nf3 Nc6 3. d4 cxd4 4. Nxd4 Nf6 5. Nc3 e5 6. Ndb5 d6 7. Bg5 a6 8. Na3 b5 9. Nd5 Be7 10. Bxf6 Bxf6 11. c4 b4 12. Nc2 Rb8 13. Qd3 0-0 14. g3 g6 15. Nxf6+ Qxf6 16. Bg2 a5 17. 0-0 a4 18. b3 Ra8 19. Qd2 Qd8 20. f4 Qb6+ 21. Qf2 Qc5 22. f5 Bb7 23. Ne3 Nd4 24. bxa4 Rxa4 25. Kh1 f6 26. fxg6 hxg6 27. Ng4 f5 28. Qd2 Qc7 29. Qg5 Qg7 30. Ne3 f4 31. Nd5 Bxd5 32. cxd5 f3 33. Bh3 Qf6 34. Qd2 Rfa8 35. Bd7 Ra3 36. Qxb4 Qe7 37. Bc6 R8a7 38. Qb2 Kg7 39. Qd2 Nb3 40. Qc2 Nxa1 41. Rxa1 Qg5 42. Qf2 Rxa2 43. Rf1 0-1

[Event "Online Olym Div3 E"]
[Site "Chess.com INT"]
[Date "2020.08.08"]
[Round "6.3"]
[White "Baules Rodriguez, Jorge Luis"]
[Black "Capo Vidal, Uriel"]
[Result "1/2-1/2"]
[WhiteElo "2355"]
[BlackElo "2334"]
[PlyCount "40"]
[EventDate "2020.08.07"]
[EventType "team-tourn (rapid)"]
[EventRounds "9"]
[EventCountry "USA"]
[SourceTitle "CBM 198"]
[Source "ChessBase"]
[SourceDate "2020.10.31"]
[SourceVersion "1"]
[SourceVersionDate "2020.10.31"]
[SourceQuality "1"]
[WhiteTeam "Panama"]
[BlackTeam "Mexico"]
[WhiteTeamCountry "PAN"]
[BlackTeamCountry "MEX"]

1. e4 c5 2. Nf3 Nc6 3. d4 cxd4 4. Nxd4 Nf6 5. Nc3 e5 6. Ndb5 d6 7. Bg5 a6 8. Na3 Be6 9. Nc4 Rc8 10. Ne3 Be7 11. Bxf6 Bxf6 12. Ncd5 Bg5 13. c3 0-0 14. g3 Bxe3 15. Nxe3 Qb6 16. Qd2 Rfd8 17. Bg2 Na5 18. 0-0 Nc4 19. Nxc4 Bxc4 20. Rfd1 Be6 1/2-1/2

[Event "Atlantic City Millionaire KO U2400"]
[Site "Atlantic City"]
[Date "2016.10.10"]
[Round "2.2"]
[White "Anwuli, Daniel"]
[Black "Capo Vidal, Uriel"]
[Result "0-1"]
[WhiteElo "2306"]
[BlackElo "2364"]
[PlyCount "180"]
[EventDate "2016.10.10"]
[EventType "k.o. (rapid)"]
[EventRounds "2"]
[EventCountry "USA"]
[SourceTitle "EXT 2017"]
[Source "ChessBase"]
[SourceDate "2016.10.25"]
[SourceVersion "1"]
[SourceVersionDate "2016.10.25"]
[SourceQuality "1"]

1. c4 e6 2. g3 d5 3. Bg2 Nf6 4. Nf3 Be7 5. 0-0 0-0 6. b3 b6 7. Bb2 Bb7 8. e3 Nbd7 9. Nc3 Rc8 10. Qe2 c5 11. Rac1 Qc7 12. cxd5 Nxd5 13. Nxd5 Bxd5 14. e4 Bb7 15. d4 Qb8 16. d5 exd5 17. exd5 Bf6 18. Rfd1 Rfe8 19. Qc2 Rcd8 20. Ba3 Qa8 21. h4 Nf8 22. Nh2 Bd4 23. b4 Bxd5 24. Bxd5 Qxd5 25. bxc5 bxc5 26. Bxc5 Qxc5 27. Qxc5 Bxc5 28. Rxd8 Bxf2+ 29. Kxf2 Rxd8 30. Nf3 g6 31. Rc2 Rd5 32. Ng5 h6 33. Ne4 Kg7 34. Ke3 Ne6 35. Rb2 Ra5 36. Nd6 Ra3+ 37. Kf2 Nc5 38. Kg2 Rd3 39. Nb5 a6 40. Nc7 Ra3 41. Re2 f5 42. Kh2 h5 43. Ne8+ Kf8 44. Nf6 Kf7 45. Nh7 Ra4 46. Ng5+ Kf8 47. Rc2 Ne4 48. Rc8+ Ke7 49. Rc7+ Kd6 50. Rg7 Rxa2+ 51. Kg1 Nxg3 52. Rxg6+ Kd5 53. Nh3 Ne2+ 54. Kf1 f4 55. Rf6 Ke5 56. Rf8 Ng3+ 57. Kg1 Ra4 58. Re8+ Kf5 59. Rg8 Ne4 60. Rf8+ Nf6 61. Ng5 Kg6 62. Rb8 Nd5 63. Rd8 Ne3 64. Kf2 Ng4+ 65. Kf3 Ne5+ 66. Kf2 Kf5 67. Rd5 Ra2+ 68. Kf1 Kf6 69. Rd6+ Kf5 70. Rd5 a5 71. Nf7 Ke6 72. Rxe5+ Kxf7 73. Rxh5 Kg6 74. Rg5+ Kh6 75. Rf5 Ra4 76. Kf2 Kg6 77. Rg5+ Kf6 78. Kf3 Ra1 79. Rb5 a4 80. Kxf4 a3 81. Kg3 a2 82. Kh2 Rh1+ 83. Kxh1 a1Q+ 84. Kh2 Qa2+ 85. Kg3 Qa3+ 86. Kh2 Qd6+ 87. Kg1 Qd4+ 88. Kh2 Qxh4+ 89. Kg1 Qg3+ 90. Kh1 Qe1+ 0-1

[Event "Atlantic City Millionaire KO U2400"]
[Site "Atlantic City"]
[Date "2016.10.10"]
[Round "2.1"]
[White "Capo Vidal, Uriel"]
[Black "Anwuli, Daniel"]
[Result "1/2-1/2"]
[WhiteElo "2364"]
[BlackElo "2306"]
[PlyCount "135"]
[EventDate "2016.10.10"]
[EventType "k.o. (rapid)"]
[EventRounds "2"]
[EventCountry "USA"]
[SourceTitle "EXT 2017"]
[Source "ChessBase"]
[SourceDate "2016.10.25"]
[SourceVersion "1"]
[SourceVersionDate "2016.10.25"]
[SourceQuality "1"]

1. d4 Nf6 2. Nf3 g6 3. Bf4 Bg7 4. c3 0-0 5. Nbd2 d5 6. e3 c5 7. Bd3 Nc6 8. Qe2 Nd7 9. Bb5 Qb6 10. 0-0 a6 11. Bxc6 Qxc6 12. b4 b6 13. a4 Bb7 14. b5 Qc8 15. Bg3 Re8 16. Ne5 Nxe5 17. dxe5 axb5 18. axb5 Qd7 19. Nf3 f6 20. Rfd1 Qe6 21. exf6 Bxf6 22. Qb2 Rec8 23. Rxa8 Rxa8 24. Ra1 Rxa1+ 25. Qxa1 Bc8 26. h3 Bd7 27. Bf4 Bxb5 28. Bh6 Be8 29. Qa8 Qc6 30. Qa3 Qa4 31. Qb2 b5 32. Bg5 Qa6 33. Qd2 Bf7 34. Kh2 Qd6+ 35. Kg1 Qa6 36. Kh2 Qe6 37. Qd3 Be8 38. h4 Bc6 39. Bf4 Qe4 40. Qd2 e5 41. Bg3 Qf5 42. Qa2 e4 43. Ng5 h6 44. Qa6 Qd7 45. Nh3 Bxc3 46. Qb6 c4 47. Nf4 Kh7 48. h5 gxh5 49. Nxh5 b4 50. Qb8 Qf7 51. Nf4 b3 52. Bh4 b2 53. g4 Bg7 54. Nh5 Qb7 55. Qf4 Qd7 56. Bf6 Bf8 57. Bxb2 Bd6 58. Nf6+ Kg6 59. Nxd7 Bxf4+ 60. exf4 Bxd7 61. Kg3 Ba4 62. Bd4 Bd1 63. f5+ Kf7 64. Kf4 Be2 65. Bc3 Bd1 66. Bd4 Be2 67. Bc3 Bd1 68. Bd4 1/2-1/2

[Event "Atlantic City Millionaire KO U2400"]
[Site "Atlantic City"]
[Date "2016.10.10"]
[Round "1.2"]
[White "Valdes Escobar, Alvaro Daniel"]
[Black "Capo Vidal, Uriel"]
[Result "0-1"]
[WhiteElo "2387"]
[BlackElo "2364"]
[PlyCount "112"]
[EventDate "2016.10.10"]
[EventType "k.o. (rapid)"]
[EventRounds "2"]
[EventCountry "USA"]
[SourceTitle "EXT 2017"]
[Source "ChessBase"]
[SourceDate "2016.10.25"]
[SourceVersion "1"]
[SourceVersionDate "2016.10.25"]
[SourceQuality "1"]

1. Nf3 d5 2. d4 Nf6 3. c4 e6 4. cxd5 exd5 5. Nc3 Bb4 6. Bg5 Nbd7 7. e3 h6 8. Bxf6 Qxf6 9. Qb3 Qd6 10. Bd3 c5 11. dxc5 Nxc5 12. Bb5+ Bd7 13. Bxd7+ Qxd7 14. Qd1 Qb5 15. Ne5 0-0 16. Qe2 Qa5 17. 0-0 Bxc3 18. bxc3 Qxc3 19. Rac1 Qxe5 20. Rxc5 b6 21. Rc2 Rfd8 22. Rfc1 Rd6 23. g3 Rad8 24. Qb5 Rf6 25. Rc8 Rxc8 26. Rxc8+ Kh7 27. Rc2 h5 28. h4 g6 29. Rd2 Rf5 30. Rd4 Qf6 31. Qe2 a5 32. Qd2 Qc6 33. Rd3 Qc4 34. Rd4 Qc5 35. Rd3 Qb5 36. Rb3 Qc6 37. Rc3 Qa4 38. Rd3 Qe4 39. Rd4 Qb1+ 40. Kg2 Qb5 41. Rd3 Qc4 42. Rd4 Qc6 43. Kg1 Qa8 44. Qc3 b5 45. Qc7 b4 46. Qc5 Kg7 47. a3 bxa3 48. Ra4 Qb7 49. Qc3+ Kh7 50. Rxa3 Qb1+ 51. Kg2 Qe4+ 52. Kg1 a4 53. Qd4 Qb1+ 54. Kg2 Qc2 55. e4 dxe4 56. Rxa4 e3 0-1

[Event "Olympiad-42"]
[Site "Baku"]
[Date "2016.09.03"]
[Round "2.2"]
[White "Ayyad, Maher"]
[Black "Capo Vidal, Uriel"]
[Result "0-1"]
[WhiteElo "2076"]
[BlackElo "2314"]
[PlyCount "80"]
[EventDate "2016.09.02"]
[EventType "team-swiss"]
[EventRounds "11"]
[EventCountry "AZE"]
[SourceTitle "CBM 175"]
[Source "ChessBase"]
[SourceDate "2016.11.10"]
[SourceVersion "1"]
[SourceVersionDate "2016.11.10"]
[SourceQuality "1"]
[WhiteTeam "Bahrain"]
[BlackTeam "Mexico"]
[WhiteTeamCountry "BHN"]
[BlackTeamCountry "MEX"]

1. d4 d5 2. Nf3 Nf6 3. Bf4 c5 4. e3 Nc6 5. c3 Qb6 6. Qb3 c4 7. Qc2 Bf5 8. Qc1 Qd8 9. Be2 e6 10. Nbd2 b5 11. 0-0 Bd6 12. Bxd6 Qxd6 13. Re1 0-0 14. Bd1 e5 15. dxe5 Nxe5 16. Nxe5 Qxe5 17. Bc2 Be4 18. f3 Bxc2 19. Qxc2 a5 20. e4 d4 21. cxd4 Qxd4+ 22. Kh1 a4 23. a3 Nd7 24. f4 Nc5 25. Nf3 Qd3 26. Qe2 Rfe8 27. e5 Rad8 28. Kg1 Qxe2 29. Rxe2 Rd3 30. Rae1 g6 31. Ng5 Rb3 32. Rf1 Rd8 33. f5 gxf5 34. Rxf5 Rd1+ 35. Rf1 Rxf1+ 36. Kxf1 Nd3 37. Ne4 b4 38. Rc2 c3 39. bxc3 bxa3 40. Ke2 a2 0-1

[Event "Iberoamerican-ch GpD 3rd"]
[Site "Mexico City"]
[Date "2010.11.15"]
[Round "3"]
[White "Capo Vidal, Uriel"]
[Black "Ibarra Chami, Luis Fernando"]
[Result "0-1"]
[WhiteElo "2350"]
[BlackElo "2436"]
[PlyCount "72"]
[EventDate "2010.11.13"]
[EventType "tourn"]
[EventRounds "5"]
[EventCountry "MEX"]
[EventCategory "7"]
[SourceTitle "EXT 2011"]
[Source "ChessBase"]
[SourceDate "2010.11.26"]
[SourceVersion "1"]
[SourceVersionDate "2010.11.26"]
[SourceQuality "1"]

1. d4 Nf6 2. Nf3 g6 3. c4 Bg7 4. Nc3 d5 5. Bg5 Ne4 6. cxd5 Nxg5 7. Nxg5 e6 8. Qd2 h6 9. Nh3 exd5 10. Nf4 0-0 11. e3 Re8 12. Be2 c6 13. 0-0 Qd6 14. a3 Nd7 15. b4 Nf6 16. Rfc1 a6 17. Rab1 Bf5 18. Bd3 Bd7 19. Na4 Rad8 20. Nc5 Bc8 21. a4 h5 22. b5 axb5 23. axb5 Bh6 24. bxc6 bxc6 25. Nb7 Bxb7 26. Rxb7 Bxf4 27. exf4 Ne4 28. Bxe4 Rxe4 29. f5 Rde8 30. g3 Qf6 31. fxg6 Qxg6 32. Rc7 R8e6 33. Qc3 h4 34. Kf1 hxg3 35. hxg3 Qh5 36. Rxc6 Qh1# 0-1

[Event "Iberoamerican-ch GpD 3rd"]
[Site "Mexico City"]
[Date "2010.11.13"]
[Round "1"]
[White "Capo Vidal, Uriel"]
[Black "Almeida Quintana, Omar"]
[Result "1/2-1/2"]
[WhiteElo "2350"]
[BlackElo "2593"]
[PlyCount "75"]
[EventDate "2010.11.13"]
[EventType "tourn"]
[EventRounds "5"]
[EventCountry "MEX"]
[EventCategory "7"]
[SourceTitle "EXT 2011"]
[Source "ChessBase"]
[SourceDate "2010.11.26"]
[SourceVersion "1"]
[SourceVersionDate "2010.11.26"]
[SourceQuality "1"]

1. d4 g6 2. c4 Bg7 3. e4 d6 4. Nc3 c6 5. Be2 a6 6. a4 a5 7. Be3 Na6 8. f4 Qb6 9. Qd2 Nf6 10. h3 0-0 11. e5 Nd7 12. Nf3 dxe5 13. fxe5 c5 14. 0-0 cxd4 15. Bxd4 Ndc5 16. Qe3 Qc6 17. Nd5 Re8 18. Ng5 Ne6 19. Nxe6 Bxe6 20. Bf3 Qxc4 21. Rfc1 Qxd5 22. Be4 f6 23. Rd1 Nb4 24. Bb6 Qc5 25. Qxc5 f5 26. Rd2 Nd3 27. Bxa5 Bf8 28. Rdd1 Bg7 29. Qb5 Nxb2 30. Rd7 Nc4 31. Qc5 Nd2 32. Rd1 Rac8 33. Rxb7 Ra8 34. Ra1 Bf6 35. Qe3 Nb3 36. Qc5 Bg7 37. Bc3 Nxa1 38. a5 1/2-1/2

[Event "Mexican op 56th"]
[Site "Monterrey"]
[Date "2010.04.03"]
[Round "8"]
[White "Mitkov, Nikola"]
[Black "Capo Vidal, Uriel"]
[Result "1-0"]
[WhiteElo "2499"]
[BlackElo "2335"]
[PlyCount "63"]
[EventDate "2010.03.30"]
[EventType "swiss"]
[EventRounds "9"]
[EventCountry "MEX"]
[SourceTitle "CBM 135 Extra"]
[Source "ChessBase"]
[SourceDate "2010.05.04"]
[SourceVersion "1"]
[SourceVersionDate "2010.05.04"]
[SourceQuality "1"]

1. d4 d5 2. Bf4 Nf6 3. e3 c5 4. c3 Nc6 5. Nd2 Bf5 6. Qb3 Qd7 7. Ngf3 a6 8. dxc5 e6 9. Nd4 Bg6 10. Qa3 Be7 11. b4 0-0 12. Be2 b6 13. cxb6 a5 14. Nxc6 Qxc6 15. b5 Qb7 16. Bd6 Bxd6 17. Qxd6 Rac8 18. 0-0 Rfd8 19. Qa3 Ra8 20. c4 dxc4 21. Bf3 Qxb6 22. Nxc4 Qxb5 23. Bxa8 Rxa8 24. Rac1 h6 25. Rfd1 Bh5 26. Re1 Bg6 27. h3 Qg5 28. Nd2 Ne4 29. Nf3 Qf6 30. Rc4 Rb8 31. Qxa5 Rb2 32. Qa8+ 1-0

[Event "Dos Hermanas Internet qual-B 10th"]
[Site "ICC INT"]
[Date "2009.03.13"]
[Round "3"]
[White "Capo Vidal, Uriel"]
[Black "Bachran, Boris"]
[Result "1-0"]
[WhiteElo "2336"]
[BlackElo "1956"]
[PlyCount "117"]
[EventDate "2009.03.13"]
[EventType "swiss (blitz)"]
[EventRounds "12"]
[EventCountry "ESP"]
[SourceTitle "CBM 129 Extra"]
[Source "ChessBase"]
[SourceDate "2009.05.05"]
[SourceVersion "2"]
[SourceVersionDate "2009.05.20"]
[SourceQuality "1"]

1. d4 d5 2. Nf3 c6 3. c4 Bf5 4. Nc3 e6 5. g3 Nf6 6. Bg2 Bd6 7. 0-0 0-0 8. Nd2 Nbd7 9. e4 dxe4 10. Ndxe4 Nxe4 11. Nxe4 Nf6 12. Nxd6 Qxd6 13. Bf4 Qe7 14. Qb3 Rfe8 15. Rfe1 Qd7 16. Rad1 h6 17. h3 Bg6 18. a4 a6 19. a5 Rac8 20. Qb4 Nh5 21. Bd6 Nf6 22. Bc5 Red8 23. Kh2 Re8 24. f4 Bc2 25. Rd2 Bg6 26. Re3 Qd8 27. Bd6 Qd7 28. Rb3 Red8 29. c5 Nd5 30. Qxb7 Qxb7 31. Rxb7 Ra8 32. g4 Rdc8 33. Kg3 h5 34. Bf3 hxg4 35. hxg4 Bb1 36. Be2 Ba2 37. Bd3 Nf6 38. b3 Bxb3 39. Rxb3 Ra7 40. Rh2 Nd5 41. Rhb2 g6 42. Rb8 Ra8 43. Bxa6 Raxb8 44. Rxb8 Rxb8 45. Bxb8 Nb4 46. Bb7 Nc2 47. a6 Nxd4 48. a7 Ne2+ 49. Kf2 Nd4 50. a8Q Kg7 51. Be5+ f6 52. Bxd4 e5 53. fxe5 fxe5 54. Bxe5+ Kh6 55. Qf8+ Kg5 56. Qf4+ Kh4 57. Bf6+ g5 58. Bxg5+ Kh3 59. Qg3# 1-0